000 00803cab a2200241 4500
001 WB2901-02
008 090401t1993 xxu||||| |||| 00| 0 eng d
035 _a(Sirsi) u18146
041 _aeng
245 _aDry rot costs home owners £150m
260 _c1993
350 _a0
490 _aTimes
_v1 January 1993, 14(1)
520 _aA guide, "Recognising wood rot and insect damage in buildings", has recently been published by the Building Research Establishment, drawing attention to a long-standing problem.
650 _aBEETLES
650 _aBUILT ENVIRONMENT-BUILDING PATHOLOGY-INFESTATION (FUNGAL)-FUNGI-DRY ROT
650 _aLONGHORN BEETLES
650 _aSURREY
650 _aTIMBER PESTS
690 _aBUILT ENVIRONMENT-BUILDING PATHOLOGY
942 _n0
948 _c04/03/1997
999 _c12035
_d12035